Vuoden urheilijoiden lajit - Statistics

Yleistilastot
  • Tätä visaa on pelattu 2 066 kertaa
    957 viimeisimmän päivityksen jälkeen
  • Keskiarvotulos 11 / 19
Vastaustilastot
Palkintoja Urheilulaji % Oikein
19 Maastohiihto
97%
1 Jääkiekko
96%
21 Yleisurheilu
94%
4 Jalkapallo
92%
1 Koripallo
80%
1 Tennis
76%
5 Mäkihyppy
73%
3 Moottoriurheilu
64%
4 Ampumahiihto
61%
3 Uinti
60%
3 Paini
48%
1 Suunnistus
44%
2 Ammunta
42%
1 Purjelautailu
37%
3 Yhdistetty
37%
2 Soutu
33%
1 Paraurheilu
29%
3 Pikaluistelu
25%
2 Painonnosto
18%
Ehtoja vastaavia visoja ei löytynyt
Tulosjakauma
Jokaisen tuloksen saaneiden osuus
Persentiili vastausten määrän mukaan
Tuloshistoriasi
Et ole pelannut tätä visaa sen viimeisimmän päivityksen jälkeen